00445nam a2200157Ia 4500003000900000008004100009020001800050040001600068080001700084100002700101245005400128260004200182300001000224490004300234650001000277IN-BaIIA211028s9999 xx 000 0 eng d a90-277-0399-X cIIA Library a523.987bTAN aTanberg-Hanssen, Einar 0aSolar prominencesbvol. 12cEinar Tanberg-Hanssen aDordrechtbD. Reidel Publishingc1974 a155p. aGeophysics and astrophysics monographs aSolar